| 000 | 00532nam a22001577a 4500 | ||
|---|---|---|---|
| 999 |
_c535059 _d535059 |
||
| 020 | _qHard Cover. | ||
| 082 | _a621.39 | ||
| 100 | _aKarim, Faisal | ||
| 245 |
_aHUMAN FRONTAL IDENTFICATION BASED ON SIFT AND PATTERN RECOGNITION TECHNIQUES A HYBRID APPROACH / _cFaisal Kareem. |
||
| 260 |
_aIslamabad: _bCEME NUST, _c2014. |
||
| 300 |
_a81 p. : _bill. ; _c30cm. |
||
| 942 |
_2ddc _cTHE |
||
| 650 |
_aComputer Engineering MS-Thesis. _916083 |
||
| 700 |
_aDr. Usman Qamar _918579 |
||